| 000 | 00438nam a22001817a 4500 | ||
|---|---|---|---|
| 003 | koha_MIRAKIL | ||
| 005 | 20231213095606.0 | ||
| 008 | 231213b |||||||| |||| 00| 0 ||| d | ||
| 020 | _b978-9-75571077-8 | ||
| 040 |
_aTR-IsEVY _btur _cTR-IsEVY |
||
| 082 | _a800 CON/E | ||
| 100 | _aCONRAD, JOSEPH. | ||
| 245 | 0 | _aEN GÜZEL DENİZ HİKAYELERİ. | |
| 260 |
_bArion, _c2003 |
||
| 300 | _a299. | ||
| 650 | _aEdebiyat. | ||
| 942 |
_2ddc _cBK |
||
| 999 |
_c6205 _d6205 |
||